[Event "Wch U16 Girls"]
[Site "Porto Carras"]
[Date "2018.10.21"]
[Round "2"]
[White "Skaslien, Ingrid"]
[Black "Servin Demarrais, Helena"]
[Result "1/2-1/2"]
[WhiteElo "1885"]
[BlackElo "1540"]
[PlyCount "67"]
[EventDate "2018.10.20"]
[EventType "swiss"]
[EventRounds "11"]
[EventCountry "GRE"]
[SourceTitle "CBM 187 Extra"]
[Source "ChessBase"]
[SourceDate "2018.11.04"]
[SourceVersion "1"]
[SourceVersionDate "2018.11.04"]
[SourceQuality "1"]

1. d4 Nf6 2. c4 g6 3. Nc3 Bg7 4. e4 d6 5. Be2 0-0 6. Nf3 e5 7. 0-0 Nc6 8. d5 Ne7 9. Ne1 Nd7 10. Nd3 f5 11. f3 f4 12. b4 a6 13. c5 g5 14. a4 h5 15. Ba3 Nf6 16. h3 Bd7 17. b5 axb5 18. cxd6 cxd6 19. Bxd6 bxa4 20. Bxe7 Qxe7 21. Nxa4 g4 22. Nac5 gxh3 23. Qb3 Kh8 24. Qxb7 Rxa1 25. Rxa1 hxg2 26. Ra7 Rf7 27. Qb8+ Bf8 28. d6 Qxd6 29. Qxd6 Bxd6 30. Nxd7 Rxd7 31. Rxd7 Nxd7 32. Kxg2 Kg7 33. Kh3 Kg6 34. Bd1 1/2-1/2